| 000 | 01378nmc a2200421 a 4500 | ||
|---|---|---|---|
| 003 | AR-BaBNM | ||
| 005 | 20251128205104.0 | ||
| 008 | 011101s1995 ||||||||||||||000 | spa|| | ||
| 020 | _a950-687-015-2 | ||
| 040 | _cAR-BaBNM | ||
| 100 | 1 | _aFoguelman, Dina | |
| 245 | 1 | 0 |
_aEcología _bbiodiversidad, poblaciones y conservaciones de recursos vivos _n2 |
| 250 | _a1ª ed. | ||
| 260 |
_aBuenos Aires _bConicet _c1995 |
||
| 300 | 0 |
_a245 p. _bil., gráfs., tablas |
|
| 490 | 0 | _aProciencia Conicet | |
| 500 | 0 | _aReferencias bibliográficas al final de cada capítulo | |
| 500 | 0 | _aAnexos p. 229-245 | |
| 500 | 0 | _aEste material forma parte del Proyecto de Ecología y Medio Ambiente | |
| 650 | 4 | _aCIENCIAS AMBIENTALES | |
| 650 | 4 | _aECOLOGIA | |
| 650 | 4 | _aPOBLACION | |
| 650 | 4 | _aRECURSOS NATURALES | |
| 650 | 4 | _aFLORA | |
| 650 | 4 | _aFAUNA | |
| 650 | 4 | _aCONSERVACION DEL MEDIO AMBIENTE | |
| 650 | 4 | _aCONTAMINACION | |
| 650 | 4 | _aACTIVIDADES DE APRENDIZAJE | |
| 650 | 4 | _aFORMACION DE DOCENTES | |
| 650 | 4 | _aCONSERVACION DE LA NATURALEZA | |
| 653 | 0 | _aBIODIVERSIDAD | |
| 653 | 0 | _aEDUCACION A DISTANCIA | |
| 700 | 1 | _aGonzález Urda, Elizabeth | |
| 710 |
_aConsejo Nacional de Investigaciones Científicas y Técnicas [Argentina] _9CONICET _bPrograma Prociencia |
||
| 710 | 2 |
_aArgentina _bMinisterio de Cultura y Educación |
|
| 942 | _cBK | ||
| 998 | _cCarmen | ||
| 999 |
_c9943 _d9943 |
||